[Event "CAN-ch U20 2001"]
[Site "Montreal CAN"]
[Date "2001.01.06"]
[Round "7"]
[White "Xu, Sheng Jun"]
[Black "Voloaca, Mihnea"]
[Result "0-1"]
[WhiteElo "2085"]
[BlackElo "2237"]
[PlyCount "96"]
[GameId "2160767911627252"]
[EventDate "2001.01.03"]
[EventType "swiss"]
[EventRounds "9"]
[EventCountry "CAN"]

1. e4 c5 2. Nf3 Nc6 3. c3 e6 4. d4 d5 5. exd5 Qxd5 6. Be2 Nf6 7. O-O cxd4 8. cxd4 Be7 9. Nc3 Qd6 10. Be3 O-O 11. Qb3 Rd8 12. Rad1 a6 13. Ng5 Qb4 14. Qxb4 Nxb4 15. Bf3 Nbd5 16. Nge4 Nxe4 17. Bxe4 Nxe3 18. fxe3 Bg5 19. Rfe1 Rb8 20. Na4 e5 21. Nb6 Bg4 22. Bf3 Bxf3 23. gxf3 exd4 24. exd4 Bf6 25. Re4 Kf8 26. b3 Be7 27. Rc1 f5 28. Re5 g6 29. Rd5 Rxd5 30. Nxd5 Bd6 31. Rd1 Rd8 32. Ne3 Bf4 33. Nc2 Re8 34. Kf2 Rc8 35. Ne1 Bxh2 36. Rd2 Bf4 37. Re2 Rd8 38. Nd3 Rxd4 39. Nc5 Kf7 40. Ne6 Rb4 41. a3 Rxb3 42. Nxf4 Rxa3 43. Rc2 g5 44. Rc7+ Kf6 45. Nd5+ Ke5 46. Nb4 a5 47. Rxb7 axb4 48. Rb5+ Kf6 0-1

[Event "CAN-ch U20 2001"]
[Site "Montreal CAN"]
[Date "2001.01.06"]
[Round "8"]
[White "Bluvshtein, Mark"]
[Black "Gottlieb, Jonathan"]
[Result "1-0"]
[WhiteElo "2268"]
[BlackElo "2118"]
[PlyCount "65"]
[GameId "2160767911627253"]
[EventDate "2001.01.03"]
[EventType "swiss"]
[EventRounds "9"]
[EventCountry "CAN"]

1. e4 c5 2. Nf3 d6 3. d4 cxd4 4. Nxd4 Nf6 5. Nc3 a6 6. f4 e6 7. Be2 Be7 8. O-O Qc7 9. Be3 Nbd7 10. a4 b6 11. Bf3 Bb7 12. Qe2 Rd8 13. Nb3 Nc5 14. Bxc5 dxc5 15. e5 Nd5 16. Nxd5 exd5 17. c4 b5 18. axb5 axb5 19. cxd5 c4 20. d6 Qb6+ 21. Kh1 cxb3 22. dxe7 Rd7 23. Bxb7 Qxb7 24. Rfd1 Kxe7 25. Rxd7+ Qxd7 26. Qf2 Rc8 27. Qh4+ Kf8 28. Qxh7 g6 29. Qh8+ Ke7 30. Qf6+ Kf8 31. h3 Kg8 32. Ra6 Rc2 33. Rd6 1-0

[Event "CAN-ch U20 2001"]
[Site "Montreal CAN"]
[Date "2001.01.06"]
[Round "8"]
[White "Davies, Lucas"]
[Black "Beaudry, Lukas"]
[Result "1/2-1/2"]
[WhiteElo "1936"]
[BlackElo "1945"]
[PlyCount "64"]
[GameId "2160767911627254"]
[EventDate "2001.01.03"]
[EventType "swiss"]
[EventRounds "9"]
[EventCountry "CAN"]

1. e4 c5 2. Nc3 Nc6 3. g3 e6 4. Bg2 Nge7 5. d3 d5 6. f4 g6 7. Nf3 Bg7 8. O-O b6 9. Re1 O-O 10. g4 dxe4 11. dxe4 Qxd1 12. Rxd1 a6 13. Rb1 Bb7 14. Na4 Rad8 15. Bd2 Nd4 16. c3 Nxf3+ 17. Bxf3 Nc8 18. Kf2 f5 19. gxf5 exf5 20. e5 Bxf3 21. Kxf3 Rd3+ 22. Be3 Rfd8 23. Ke2 Rxd1 24. Rxd1 Rxd1 25. Kxd1 Kf7 26. Ke2 Ke6 27. Kf3 h6 28. h4 h5 29. Ke2 Kd5 30. b3 Bf8 31. c4+ Kc6 32. Kd3 b5 1/2-1/2

[Event "CAN-ch U20 2001"]
[Site "Montreal CAN"]
[Date "2001.01.06"]
[Round "8"]
[White "Davies, Noam"]
[Black "Candow, John"]
[Result "0-1"]
[WhiteElo "1537"]
[BlackElo "1422"]
[PlyCount "78"]
[GameId "2160767911627255"]
[EventDate "2001.01.03"]
[EventType "swiss"]
[EventRounds "9"]
[EventCountry "CAN"]

1. e4 c5 2. Nc3 Nc6 3. g3 g6 4. Bg2 Bg7 5. f4 e6 6. Nf3 Nge7 7. d3 O-O 8. O-O d6 9. Be3 f5 10. h3 Qa5 11. Qd2 b5 12. g4 fxg4 13. hxg4 b4 14. Nd1 Qb5 15. Nh4 a5 16. c3 bxc3 17. Nxc3 Qb4 18. Bh3 Rb8 19. Rf2 g5 20. Ng2 gxf4 21. Nxf4 e5 22. Nh5 Rxf2 23. Qxf2 Qxb2 24. Qxb2 Rxb2 25. Nxg7 Kxg7 26. Rf1 Nd4 27. Bg5 Ng6 28. Rf2 Rxf2 29. Kxf2 Ne6 30. Bc1 Ngf4 31. Bf1 Ba6 32. Ke3 Nd4 33. Nd5 Nxd5+ 34. exd5 Nc2+ 35. Ke4 Bb7 36. Bd2 Nb4 37. Bxb4 cxb4 38. Be2 Kf6 39. Bd1 Kg5 0-1

[Event "CAN-ch U20 2001"]
[Site "Montreal CAN"]
[Date "2001.01.06"]
[Round "8"]
[White "Haynes, Nicolas"]
[Black "Xu, Sheng Jun"]
[Result "1/2-1/2"]
[WhiteElo "1999"]
[BlackElo "2085"]
[PlyCount "37"]
[GameId "2160767911627256"]
[EventDate "2001.01.03"]
[EventType "swiss"]
[EventRounds "9"]
[EventCountry "CAN"]

1. d4 e6 2. Nf3 b6 3. Bg5 Be7 4. Bxe7 Qxe7 5. Nbd2 Bb7 6. e4 Nf6 7. Bd3 d6 8. O-O O-O 9. c4 e5 10. d5 Bc8 11. Ne1 g6 12. b4 Ne8 13. Rc1 f5 14. exf5 gxf5 15. Qe2 c5 16. bxc5 bxc5 17. Kh1 Ng7 18. f4 Nd7 19. Nef3 1/2-1/2

[Event "CAN-ch U20 2001"]
[Site "Montreal CAN"]
[Date "2001.01.06"]
[Round "8"]
[White "Hebert Losier, Francis"]
[Black "Godin, Robert"]
[Result "1/2-1/2"]
[WhiteElo "1526"]
[BlackElo "1361"]
[PlyCount "67"]
[GameId "2160767911627257"]
[EventDate "2001.01.03"]
[EventType "swiss"]
[EventRounds "9"]
[EventCountry "CAN"]

1. e4 e5 2. Nf3 Nc6 3. Bc4 Bc5 4. d3 Nf6 5. Bg5 O-O 6. Nc3 Bb4 7. Qd2 d6 8. h3 Nd4 9. a3 Bxc3 10. Qxc3 Nxf3+ 11. gxf3 h6 12. Bh4 c6 13. Qb3 d5 14. exd5 cxd5 15. Bxf6 dxc4 16. Bxd8 cxb3 17. Bh4 bxc2 18. Rc1 Bf5 19. Kd2 Rac8 20. Rxc2 Rxc2+ 21. Kxc2 Rc8+ 22. Kd2 g5 23. Bg3 f6 24. h4 Rd8 25. hxg5 Rxd3+ 26. Ke2 hxg5 27. Rh5 Rb3 28. Kf1 Rxf3 29. Kg2 Rb3 30. Bxe5 Bh3+ 31. Rxh3 Rxh3 32. Kxh3 fxe5 33. Kg4 Kf7 34. Kxg5 1/2-1/2

[Event "CAN-ch U20 2001"]
[Site "Montreal CAN"]
[Date "2001.01.06"]
[Round "8"]
[White "Henson, Joshua"]
[Black "Robichaud, Martin"]
[Result "1/2-1/2"]
[WhiteElo "2136"]
[BlackElo "1974"]
[PlyCount "37"]
[GameId "2160767911627258"]
[EventDate "2001.01.03"]
[EventType "swiss"]
[EventRounds "9"]
[EventCountry "CAN"]

1. e4 e6 2. d4 d5 3. Nd2 dxe4 4. Nxe4 Nf6 5. Bd3 Nbd7 6. Nf3 c5 7. Nxf6+ Nxf6 8. O-O Bd7 9. Be3 Nd5 10. c4 Nxe3 11. fxe3 cxd4 12. Ne5 f5 13. Bc2 Bc6 14. Ba4 Qc7 15. Nxc6 bxc6 16. Qf3 Rc8 17. exd4 Kf7 18. Kh1 g6 19. Rad1 1/2-1/2

[Event "CAN-ch U20 2001"]
[Site "Montreal CAN"]
[Date "2001.01.06"]
[Round "8"]
[White "Hua, Lefong"]
[Black "Gurevich, Artjom"]
[Result "1-0"]
[WhiteElo "2400"]
[BlackElo "2312"]
[PlyCount "131"]
[GameId "2160767911627259"]
[EventDate "2001.01.03"]
[EventType "swiss"]
[EventRounds "9"]
[EventCountry "CAN"]

1. c4 e6 2. Nc3 d5 3. d4 c6 4. cxd5 exd5 5. Qc2 Bd6 6. Nf3 Ne7 7. Bg5 f6 8. Bh4 Bf5 9. Qd2 Na6 10. e3 Nc7 11. Be2 O-O 12. O-O Bg6 13. Bg3 Nf5 14. Rfc1 Re8 15. Bd3 Bxg3 16. hxg3 Nd6 17. Bxg6 hxg6 18. Qd3 g5 19. Nd2 Ne6 20. Rab1 Qe7 21. Na4 Rac8 22. Rc2 g4 23. Rbc1 Kf7 24. Nc5 Rh8 25. Qb3 Rh7 26. Nxe6 Qxe6 27. Kf1 Re8 28. Ke2 Re7 29. Qd3 f5 30. Ra1 Ne4 31. Nxe4 fxe4 32. Qa3 a6 33. Rcc1 Re8 34. Rh1 Reh8 35. Rxh7 Rxh7 36. Qb4 Qe7 37. Qb6 Rh2 38. Rg1 g6 39. b4 Kf6 40. a3 Ke6 41. Qa7 Qf7 42. Qb8 Rxg2 43. Rxg2 Qf3+ 44. Ke1 Qxg2 45. Qxb7 Qg1+ 46. Ke2 Qc1 47. Qxa6 Qc2+ 48. Kf1 Qd1+ 49. Kg2 Qf3+ 50. Kg1 Qd1+ 51. Qf1 Qa4 52. Qc1 Kd7 53. Kg2 Kc7 54. Qc5 Qd1 55. Qa7+ Kd6 56. Qf7 g5 57. Qf5 Kc7 58. a4 Kb6 59. Qxg5 Qf3+ 60. Kg1 Qd1+ 61. Kh2 Qe2 62. Kg2 Qd1 63. Qf5 Ka6 64. Qc8+ Kb6 65. Qb8+ Ka6 66. a5 1-0

[Event "CAN-ch U20 2001"]
[Site "Montreal CAN"]
[Date "2001.01.06"]
[Round "8"]
[White "Johnson, Kyle"]
[Black "Gabriel, Jarrett"]
[Result "0-1"]
[WhiteElo "1791"]
[BlackElo "1587"]
[PlyCount "78"]
[GameId "2160767911627260"]
[EventDate "2001.01.03"]
[EventType "swiss"]
[EventRounds "9"]
[EventCountry "CAN"]

1. d4 Nf6 2. Nf3 d5 3. Bf4 Bf5 4. h3 Nc6 5. e3 Qd7 6. c3 O-O-O 7. Be2 Ne4 8. O-O f6 9. Nbd2 g5 10. Bh2 h5 11. b4 Nxc3 12. Qe1 Nxb4 13. Nb3 Nxe2+ 14. Qxe2 Bd3 15. Qd2 Bxf1 16. Rxf1 e6 17. Rc1 Nc6 18. Na5 Bb4 19. Nxc6 Bxd2 20. Nxa7+ Kb8 21. Rxc7 Kxa7 22. Rxd7 Rxd7 23. Nxd2 Rc8 24. Nb3 b6 25. g4 hxg4 26. hxg4 Rc2 27. Kg2 Rxa2 28. Nc1 Rc2 29. Nd3 b5 30. Kf3 Rb7 31. Nb4 Rc4 32. Nd3 b4 33. Bd6 Ka6 34. Bxb4 Rbxb4 35. Nc5+ Kb5 36. Nxe6 Rc6 37. Nc5 Rxc5 38. dxc5 Kxc5 39. Kg3 d4 0-1

[Event "CAN-ch U20 2001"]
[Site "Montreal CAN"]
[Date "2001.01.06"]
[Round "8"]
[White "Kapadia, Ronak"]
[Black "Bachand-Fleurent, Julien"]
[Result "1-0"]
[WhiteElo "2073"]
[BlackElo "2009"]
[PlyCount "57"]
[GameId "2160767911627261"]
[EventDate "2001.01.03"]
[EventType "swiss"]
[EventRounds "9"]
[EventCountry "CAN"]

1. e4 e6 2. d4 d5 3. Nc3 Bb4 4. e5 c5 5. a3 Bxc3+ 6. bxc3 Ne7 7. Qg4 Kf8 8. Bd3 Qc7 9. Bd2 Bd7 10. Nf3 h6 11. O-O Ba4 12. dxc5 Be8 13. c4 Nd7 14. cxd5 Nxd5 15. Bb4 Nxb4 16. axb4 Nxe5 17. Nxe5 Qxe5 18. Qc4 g6 19. Rfe1 Qf6 20. Be4 Qe7 21. b5 f5 22. Bf3 e5 23. Qc3 Bxb5 24. Rxe5 Qg7 25. Rae1 Rh7 26. c6 Bxc6 27. Bxc6 bxc6 28. Qxc6 Qb7 29. Re8+ 1-0

[Event "CAN-ch U20 2001"]
[Site "Montreal CAN"]
[Date "2001.01.06"]
[Round "8"]
[White "Masse, Hugues"]
[Black "Mitrovic, Bojana"]
[Result "0-1"]
[WhiteElo "2085"]
[BlackElo "2118"]
[PlyCount "144"]
[GameId "2160767911627263"]
[EventDate "2001.01.03"]
[EventType "swiss"]
[EventRounds "9"]
[EventCountry "CAN"]

1. e4 g6 2. d4 Bg7 3. c4 c5 4. Ne2 Qb6 5. dxc5 Qb4+ 6. Nec3 Qxc5 7. Be3 Qa5 8. Be2 Nf6 9. O-O O-O 10. Qd2 Nc6 11. f3 d6 12. Na3 a6 13. Nc2 Bd7 14. a3 Qc7 15. b3 Na5 16. Rab1 Rac8 17. Nb4 Be6 18. f4 Nc6 19. Nbd5 Bxd5 20. exd5 Nb8 21. g4 b5 22. g5 Nfd7 23. Ne4 bxc4 24. bxc4 Nc5 25. Nxc5 dxc5 26. f5 Be5 27. Bg4 Rcd8 28. Qf2 Nd7 29. Qh4 Rb8 30. Rbd1 Rb2 31. Rf2 Rfb8 32. Rdf1 Rxf2 33. Qxf2 Rb2 34. Be2 Bxh2+ 35. Kh1 Bg3 36. Qf3 gxf5 37. Qxf5 Ne5 38. Bd3 Rh2+ 39. Kg1 Qd7 40. Bxc5 Qxf5 41. Bxf5 Nxc4 42. Bxe7 Nd2 43. d6 Nxf1 44. d7 Bc7 45. Kxf1 Rd2 46. Bf6 Rd5 47. Bh3 Rd2 48. Bf5 Ba5 49. Kg1 Bb6+ 50. Kh1 Rd6 51. Be7 Rd5 52. Bh3 Kg7 53. Kg2 Kg6 54. Bg4 h6 55. gxh6 Kxh6 56. Kf3 f5 57. Bxf5 Rxf5+ 58. Ke4 Ra5 59. d8=Q Bxd8 60. Bxd8 Rxa3 61. Kd4 Ra1 62. Kc3 Rb1 63. Be7 a5 64. Ba3 Rb7 65. Kc2 Kg6 66. Bb2 a4 67. Ba3 Kf5 68. Bb2 Ke4 69. Kc1 Kd3 70. Bh8 a3 71. Bf6 a2 72. Bb2 Rb5 0-1

[Event "CAN-ch U20 2001"]
[Site "Montreal CAN"]
[Date "2001.01.06"]
[Round "8"]
[White "Ng, Gary"]
[Black "Egorov, Mikhail"]
[Result "1/2-1/2"]
[WhiteElo "1703"]
[BlackElo "1996"]
[PlyCount "47"]
[GameId "2160767911627264"]
[EventDate "2001.01.03"]
[EventType "swiss"]
[EventRounds "9"]
[EventCountry "CAN"]

1. b3 d5 2. Bb2 c5 3. f4 Nf6 4. Nf3 Nc6 5. e3 a6 6. Be2 e6 7. O-O Be7 8. Qe1 O-O 9. Qg3 Ne8 10. a3 f6 11. Nc3 Nd6 12. h4 Nf7 13. d4 b5 14. h5 Nh6 15. Nd1 Qb6 16. c3 a5 17. Nh4 a4 18. b4 cxb4 19. cxb4 Bd7 20. Bc3 Rab8 21. Nf2 f5 22. Nd3 Qd8 23. Nf3 Ng4 24. Nfe5 1/2-1/2

[Event "CAN-ch U20 2001"]
[Site "Montreal CAN"]
[Date "2001.01.06"]
[Round "8"]
[White "Predescu, Sebastian"]
[Black "Ramaswamy, Kiran"]
[Result "1/2-1/2"]
[WhiteElo "2042"]
[BlackElo "1860"]
[PlyCount "43"]
[GameId "2160767911627265"]
[EventDate "2001.01.03"]
[EventType "swiss"]
[EventRounds "9"]
[EventCountry "CAN"]

1. e4 c5 2. Nf3 Nc6 3. d4 cxd4 4. Nxd4 g6 5. Nc3 Bg7 6. Be3 Nf6 7. f3 O-O 8. Qd2 d5 9. exd5 Nxd5 10. Nxd5 Nxd4 11. Bxd4 Qxd5 12. Bxg7 Qxd2+ 13. Kxd2 Kxg7 14. c4 Rd8+ 15. Kc3 Be6 16. Be2 Rd7 17. Rhd1 Rad8 18. Rxd7 Rxd7 19. Rd1 Kf6 20. Rxd7 Bxd7 21. b4 Ke5 22. g3 1/2-1/2

[Event "CAN-ch U20 2001"]
[Site "Montreal CAN"]
[Date "2001.01.06"]
[Round "8"]
[White "Ramaswamy, Kishor"]
[Black "Mogilevsky, Olga"]
[Result "1-0"]
[WhiteElo "1900"]
[BlackElo "1768"]
[PlyCount "81"]
[GameId "2160767911627266"]
[EventDate "2001.01.03"]
[EventType "swiss"]
[EventRounds "9"]
[EventCountry "CAN"]

1. d4 Nf6 2. Nf3 e6 3. Bg5 h6 4. Bh4 b6 5. Nbd2 Bb7 6. e3 d6 7. Bd3 Nbd7 8. c3 Be7 9. O-O g5 10. Bg3 g4 11. Ne1 h5 12. Bh4 Nh7 13. Bxe7 Qxe7 14. Qe2 Ng5 15. a4 Nf6 16. a5 h4 17. Bb5+ Kf8 18. Ba6 Bc6 19. Bb5 Bxb5 20. Qxb5 Nh5 21. Qc6 Kg7 22. axb6 cxb6 23. Nc4 Rad8 24. Nd3 g3 25. fxg3 hxg3 26. h3 Nf6 27. Nf4 Nfe4 28. Ra2 Rc8 29. Qa4 Rc7 30. Qb3 d5 31. Ne5 Nd2 32. Qd1 Nxf1 33. Qxf1 Ne4 34. Qf3 Qg5 35. Ra1 a5 36. Nxf7 Qe7 37. Nxh8 Ng5 38. Qxg3 Kg8 39. Nhg6 Qf6 40. Ne5 Rg7 41. Rf1 1-0

[Event "CAN-ch U20 2001"]
[Site "Montreal CAN"]
[Date "2001.01.06"]
[Round "8"]
[White "Sadoway, Steven"]
[Black "Wang, Hao Yuan"]
[Result "1/2-1/2"]
[WhiteElo "2019"]
[BlackElo "2129"]
[PlyCount "54"]
[GameId "2160767911627267"]
[EventDate "2001.01.03"]
[EventType "swiss"]
[EventRounds "9"]
[EventCountry "CAN"]

1. e4 c5 2. Nf3 d6 3. d4 cxd4 4. Nxd4 Nf6 5. Nc3 a6 6. Bg5 e6 7. f4 Qb6 8. Nb3 Nbd7 9. Qf3 Be7 10. O-O-O Qc7 11. g4 Rb8 12. Bd3 b5 13. Bxf6 Bxf6 14. Ne2 Nb6 15. g5 Be7 16. Rhg1 Nc4 17. Bxc4 bxc4 18. Nd2 Bd7 19. Rg3 Bb5 20. f5 Qb7 21. Qc3 Rg8 22. Rdg1 g6 23. h4 Kd7 24. fxe6+ fxe6 25. e5 d5 26. Rd1 Kc7 27. Rf3 Rbf8 1/2-1/2

[Event "CAN-ch U20 2001"]
[Site "Montreal CAN"]
[Date "2001.01.06"]
[Round "8"]
[White "Stevens, Christian"]
[Black "Tessier, Olivier"]
[Result "0-1"]
[WhiteElo "2063"]
[BlackElo "2117"]
[PlyCount "52"]
[GameId "2160767911627268"]
[EventDate "2001.01.03"]
[EventType "swiss"]
[EventRounds "9"]
[EventCountry "CAN"]

1. Nf3 Nf6 2. c4 c5 3. g3 b6 4. Bg2 Bb7 5. O-O e6 6. b3 Be7 7. Bb2 O-O 8. d4 cxd4 9. Nxd4 Bxg2 10. Kxg2 a6 11. e3 Qc7 12. Qf3 Ra7 13. Nc3 d6 14. Rfd1 Rc8 15. h3 Nbd7 16. Rac1 Nc5 17. b4 Ncd7 18. Ne4 Ne5 19. Nxf6+ Bxf6 20. Qh5 Nxc4 21. Qg4 Qb7+ 22. Qf3 Qxf3+ 23. Kxf3 e5 24. Nf5 e4+ 25. Kxe4 Bxb2 26. Nxd6 Nxd6+ 0-1

[Event "CAN-ch U20 2001"]
[Site "Montreal CAN"]
[Date "2001.01.06"]
[Round "8"]
[White "Vaingorten, Yaaqov"]
[Black "Raheb, David"]
[Result "1-0"]
[WhiteElo "2292"]
[BlackElo "2170"]
[PlyCount "73"]
[GameId "2160767911627269"]
[EventDate "2001.01.03"]
[EventType "swiss"]
[EventRounds "9"]
[EventCountry "CAN"]

1. d4 Nf6 2. Nf3 e6 3. c4 b6 4. Nc3 Bb7 5. a3 Be7 6. d5 O-O 7. e4 d6 8. Be2 e5 9. O-O Nbd7 10. b4 Ne8 11. Nd2 g6 12. Nb3 Ng7 13. Be3 f5 14. f3 h5 15. c5 Bc8 16. Rc1 Bg5 17. Bxg5 Qxg5 18. Nb5 Ne8 19. cxd6 cxd6 20. f4 exf4 21. exf5 Ne5 22. Qd2 Rxf5 23. N3d4 Rf6 24. Nc3 Bf5 25. Ne6 Bxe6 26. Ne4 Qf5 27. Nxf6+ Qxf6 28. dxe6 Qxe6 29. Qxf4 Ng7 30. Rc7 Rc8 31. Rxa7 Nc6 32. Qf7+ Qxf7 33. Raxf7 Nf5 34. Bc4 Kh8 35. Be6 Ra8 36. Bxf5 gxf5 37. R7xf5 1-0

[Event "CAN-ch U20 2001"]
[Site "Montreal CAN"]
[Date "2001.01.06"]
[Round "8"]
[White "Voloaca, Mihnea"]
[Black "Moskvitch, Andrei"]
[Result "0-1"]
[WhiteElo "2237"]
[BlackElo "2201"]
[PlyCount "62"]
[GameId "2160767911627270"]
[EventDate "2001.01.03"]
[EventType "swiss"]
[EventRounds "9"]
[EventCountry "CAN"]

1. Nf3 c5 2. c4 e6 3. Nc3 d5 4. cxd5 exd5 5. d4 Nc6 6. g3 Nf6 7. Bg2 Be7 8. O-O O-O 9. dxc5 Bxc5 10. Bg5 d4 11. Bxf6 Qxf6 12. Ne4 Qe7 13. Nxc5 Qxc5 14. Nd2 Qh5 15. Re1 Bg4 16. Rc1 Rfe8 17. Bf3 Ne5 18. Bxg4 Qxg4 19. Qb3 b6 20. Qa4 Rad8 21. Kg2 Qe6 22. Qb3 Qf5 23. Nc4 d3 24. exd3 Qf3+ 25. Kg1 Nxd3 26. Rxe8+ Rxe8 27. Rf1 Re2 28. Qd1 h5 29. Nd2 Qg4 30. f3 Qd4+ 31. Kh1 Nf2+ 0-1

[Event "CAN-ch U20 2001"]
[Site "Montreal CAN"]
[Date "2001.01.06"]
[Round "8"]
[White "Wilson, Jonathan"]
[Black "Charbonneau, Anne-Marie"]
[Result "1/2-1/2"]
[WhiteElo "1842"]
[BlackElo "1837"]
[PlyCount "76"]
[GameId "2160767911627271"]
[EventDate "2001.01.03"]
[EventType "swiss"]
[EventRounds "9"]
[EventCountry "CAN"]

1. e4 c5 2. Nf3 d6 3. d4 cxd4 4. Nxd4 Nf6 5. Nc3 g6 6. Be2 Bg7 7. Be3 O-O 8. O-O Nc6 9. Nb3 Be6 10. f4 Na5 11. Nxa5 Qxa5 12. h3 Rac8 13. Bf3 Rxc3 14. bxc3 Qxc3 15. Bd4 Qa5 16. c3 Nd7 17. Bxg7 Kxg7 18. Qd4+ Kg8 19. Rfb1 b6 20. Bg4 Nc5 21. Bxe6 Nxe6 22. Qe3 Qc5 23. Qxc5 Nxc5 24. e5 dxe5 25. fxe5 e6 26. Rd1 Rc8 27. Rac1 Kf8 28. Rd4 Ke7 29. Rf1 Rf8 30. Rf3 Nd7 31. Re3 Rc8 32. c4 Rc5 33. Rde4 Nb8 34. Kf2 Nc6 35. Ke2 Ra5 36. a3 Rc5 37. Kd2 Na5 38. Kc3 Nc6 1/2-1/2

[Event "CAN-ch U20 2001"]
[Site "Montreal CAN"]
[Date "2001.01.06"]
[Round "8"]
[White "Xia, Yanchong"]
[Black "Deveau, Justin"]
[Result "1-0"]
[WhiteElo "1811"]
[BlackElo "1534"]
[PlyCount "127"]
[GameId "2160767911627272"]
[EventDate "2001.01.03"]
[EventType "swiss"]
[EventRounds "9"]
[EventCountry "CAN"]

1. e4 e5 2. Nf3 Nc6 3. Bc4 Bc5 4. O-O Nf6 5. d3 d6 6. h3 h6 7. Be3 Bb6 8. Nc3 O-O 9. Qd2 Be6 10. Bb3 Qd7 11. Ne2 Rfe8 12. Ng3 Ne7 13. c3 Ng6 14. Bxe6 Qxe6 15. Nf5 d5 16. Bxh6 Qd7 17. Bxg7 dxe4 18. Bxf6 Qxf5 19. Qg5 Qxg5 20. Nxg5 exd3 21. Ne4 Nf4 22. Rad1 Re6 23. g3 Ng6 24. Rxd3 c6 25. Rfd1 Rb8 26. Kg2 Ne7 27. c4 Nf5 28. h4 Nh6 29. Bg5 Bd4 30. b3 Rf8 31. Be3 Bxe3 32. Rxe3 Kg7 33. Red3 Nf5 34. Rd7 Rb8 35. Nd6 Nxd6 36. R1xd6 Rxd6 37. Rxd6 Rh8 38. Rd7 Rb8 39. g4 Kf6 40. Kf3 Ke6 41. Rc7 Kf6 42. Ke4 Ke6 43. f4 exf4 44. Kxf4 Kf6 45. h5 a6 46. g5+ Ke6 47. h6 a5 48. Kg4 a4 49. Kh5 axb3 50. axb3 b5 51. cxb5 Rxb5 52. h7 Rxb3 53. Rxc6+ Kd7 54. Rh6 Rh3+ 55. Kg4 Rxh6 56. gxh6 f5+ 57. Kxf5 Kc7 58. h8=Q Kb7 59. Qc3 Ka7 60. Qb4 Ka6 61. Ke6 Ka7 62. Kd7 Ka8 63. Kc7 Ka7 64. Qa4# 1-0

[Event "CAN-ch U20 2001"]
[Site "Montreal CAN"]
[Date "2001.01.07"]
[Round "9"]
[White "Beaudry, Lukas"]
[Black "Davies, Noam"]
[Result "1/2-1/2"]
[WhiteElo "1945"]
[BlackElo "1537"]
[PlyCount "83"]
[GameId "2160767911627274"]
[EventDate "2001.01.03"]
[EventType "swiss"]
[EventRounds "9"]
[EventCountry "CAN"]

1. e4 c5 2. Nf3 e6 3. d4 cxd4 4. Nxd4 Nc6 5. Be3 g6 6. c3 a6 7. Be2 Bg7 8. O-O Nge7 9. f4 d6 10. Nd2 O-O 11. Nc4 d5 12. Nxc6 bxc6 13. exd5 cxd5 14. Bb6 Qd7 15. Ne5 Qd6 16. Bd4 Rb8 17. Ng4 Nf5 18. Be5 Qc5+ 19. Kh1 Rxb2 20. Qd3 Bd7 21. a4 h5 22. Nf6+ Bxf6 23. Bxf6 Qe3 24. Rae1 Qxd3 25. Bxd3 a5 26. c4 Ra2 27. cxd5 exd5 28. Re5 Rb8 29. Rfe1 Be6 30. Bxf5 gxf5 31. R5e3 Kh7 32. Rh3 Rxa4 33. Be5 Rc8 34. Rxh5+ Kg6 35. Rg5+ Kh6 36. h3 Re4 37. Rxe4 dxe4 38. g4 e3 39. Rh5+ Kg6 40. Rg5+ Kh6 41. Rh5+ Kg6 42. Rg5+ 1/2-1/2

[Event "CAN-ch U20 2001"]
[Site "Montreal CAN"]
[Date "2001.01.07"]
[Round "9"]
[White "Davies, Lucas"]
[Black "Xia, Yanchong"]
[Result "0-1"]
[WhiteElo "1936"]
[BlackElo "1811"]
[PlyCount "50"]
[GameId "2160767911627275"]
[EventDate "2001.01.03"]
[EventType "swiss"]
[EventRounds "9"]
[EventCountry "CAN"]

1. e4 c5 2. Nc3 e6 3. g3 b6 4. Bg2 Bb7 5. d3 Be7 6. f4 d6 7. Nf3 Nf6 8. O-O a6 9. Be3 Nbd7 10. h3 Qc7 11. a3 O-O 12. g4 Rfd8 13. Nh2 b5 14. f5 d5 15. Bf4 e5 16. Bg3 dxe4 17. dxe4 b4 18. Nd5 Nxd5 19. exd5 Nb6 20. Qe2 f6 21. Rad1 Bxd5 22. Bxd5+ Nxd5 23. Qc4 Qc6 24. axb4 Kh8 25. Bf2 Nf4 0-1

[Event "CAN-ch U20 2001"]
[Site "Montreal CAN"]
[Date "2001.01.07"]
[Round "9"]
[White "Egorov, Mikhail"]
[Black "Charbonneau, Anne-Marie"]
[Result "1/2-1/2"]
[WhiteElo "1996"]
[BlackElo "1837"]
[PlyCount "110"]
[GameId "2160767911627276"]
[EventDate "2001.01.03"]
[EventType "swiss"]
[EventRounds "9"]
[EventCountry "CAN"]

1. e4 c5 2. Nf3 d6 3. d4 cxd4 4. Nxd4 Nf6 5. Nc3 g6 6. Be3 Bg7 7. f3 O-O 8. Qd2 Nc6 9. Bc4 Bd7 10. O-O-O Rc8 11. Bb3 Ne5 12. h4 h5 13. Bg5 Rc5 14. g4 hxg4 15. f4 Nc4 16. Qe2 b5 17. f5 a5 18. fxg6 fxg6 19. Ncxb5 d5 20. exd5 Nd6 21. Ne6 Bxb5 22. Qe3 Qb6 23. Nxc5 Rc8 24. Qe6+ Kf8 25. Bxf6 Bxf6 26. Nd7+ Bxd7 27. Qxd7 Rc4 28. Rhf1 Qe3+ 29. Kb1 Rf4 30. Rxf4 Qxf4 31. Qd8+ Kf7 32. Qxa5 g3 33. Qe1 g2 34. c3 Bxh4 35. Qe6+ Kg7 36. Qh3 Qf2 37. Qh2 Bg3 38. Qg1 Qf3 39. Bc2 Bf2 40. Qh2 Qxd1+ 41. Bxd1 g1=Q 42. Qxg1 Bxg1 43. Be2 Kf6 44. b4 Ke5 45. c4 Kd4 46. c5 Nc4 47. d6 exd6 48. cxd6 Nxd6 49. Kc2 Be3 50. Kb3 Ne4 51. a3 g5 52. a4 Bd2 53. a5 Nc3 54. Bf1 Bf4 55. Bh3 Bb8 1/2-1/2

[Event "CAN-ch U20 2001"]
[Site "Montreal CAN"]
[Date "2001.01.07"]
[Round "9"]
[White "Gabriel, Jarrett"]
[Black "Deveau, Justin"]
[Result "1/2-1/2"]
[WhiteElo "1587"]
[BlackElo "1534"]
[PlyCount "57"]
[GameId "2160767911627277"]
[EventDate "2001.01.03"]
[EventType "swiss"]
[EventRounds "9"]
[EventCountry "CAN"]

1. c4 e5 2. Nc3 Nf6 3. g3 Nc6 4. Nf3 Bc5 5. Bg2 d6 6. O-O O-O 7. d3 h6 8. Na4 Bb6 9. Nxb6 axb6 10. b3 Re8 11. Bb2 Bf5 12. Nd2 Qd7 13. Re1 Bh3 14. Bh1 Nh7 15. Nf3 f5 16. d4 Nf6 17. dxe5 dxe5 18. Qxd7 Nxd7 19. Red1 Rad8 20. Bc3 f4 21. Nd2 Bf5 22. Be4 Bxe4 23. Nxe4 Nc5 24. Nxc5 bxc5 25. Rac1 Nd4 26. Bxd4 cxd4 27. Rd2 Rd6 28. Kf1 fxg3 29. hxg3 1/2-1/2

[Event "CAN-ch U20 2001"]
[Site "Montreal CAN"]
[Date "2001.01.07"]
[Round "9"]
[White "Godin, Robert"]
[Black "Candow, John"]
[Result "0-1"]
[WhiteElo "1361"]
[BlackElo "1422"]
[PlyCount "98"]
[GameId "2160767911627278"]
[EventDate "2001.01.03"]
[EventType "swiss"]
[EventRounds "9"]
[EventCountry "CAN"]

1. e4 e6 2. Nf3 d5 3. e5 c5 4. c4 Nc6 5. cxd5 exd5 6. Bb5 Bd7 7. O-O Nge7 8. Re1 g6 9. Nc3 Bg7 10. Bxc6 Nxc6 11. Nxd5 O-O 12. b3 Bg4 13. Bb2 Qxd5 14. Qe2 Bxf3 15. gxf3 Rfe8 16. f4 Nd4 17. Bxd4 Qxd4 18. Qe3 Rad8 19. Rad1 Qxe3 20. fxe3 Rd3 21. Kf2 Red8 22. Ke2 a5 23. Rg1 a4 24. Rg5 axb3 25. axb3 Rxb3 26. Rdg1 Rb2 27. Kf3 Rdxd2 28. Ke4 Rf2 29. h4 h5 30. e6 Rb6 31. e7 Re6+ 32. Kd3 Rxe7 33. Rxc5 Rd7+ 34. Ke4 f5+ 35. Rxf5 gxf5+ 36. Kxf5 Re2 37. e4 Rf7+ 38. Kg5 Rxe4 39. Kxh5 Rf5+ 40. Kg4 Rexf4+ 41. Kh3 Kh7 42. Rb1 b5 43. Ra1 Bf6 44. Ra7+ Kg6 45. Kg2 Rxh4 46. Kg3 Rhh5 47. Rb7 Rhg5+ 48. Kh3 Rf4 49. Rb6 Kh5 0-1